| 000 | 00719nam a22002412 4500 | ||
|---|---|---|---|
| 001 | 0000020633 | ||
| 005 | 20151217152218.0 | ||
| 008 | 110929s xx 000 0 eng d | ||
| 020 | _a0393058383 : | ||
| 040 |
_aKABU _cKABU |
||
| 100 | 1 |
_aGonzales, Laurence. _@0000181093 |
|
| 245 | 1 | 0 |
_aEveryday survival : _bwhy smart people do stupid things / _cLaurence Gonzales. |
| 250 | _a1st ed. | ||
| 260 |
_aNew York : _bW. W. Norton, _c2008. |
||
| 300 | _a288 p. | ||
| 650 | 0 |
_aIntellect. _@0000181094 |
|
| 650 | 0 |
_aStupidity. _@0000181095 |
|
| 650 | 0 |
_aErrors. _@0000181096 |
|
| 650 | 0 |
_aLife skills. _@0000022975 |
|
| 852 | 1 | _9p2635 KES | |
| 908 | _a110929 | ||
| 950 | _@1 | ||
| 999 |
_c9428 _d9428 |
||